000 00791nam a2200253Ia 4500
003 OSt
005 20221005102932.0
006 a|||||r|||| 00| 0
007 ta
008 221004b |||||||| |||| 00| 0 hin d
024 _a32074
037 _cTextual
040 _aCRL
_cCRL
_bhin
041 _2hin
_ahin
082 _aO152,2N26:1, N4
100 _aभारती, धर्मवीर
245 0 _aअंधा युग
246 _aAandhā yuga
260 _aइलाहाबाद
_bकिताब महल एजेन्सीज भारत
_c1994
300 _a100पृ.
_ccm.
650 _aहिन्दी नाटक
942 _hO152,2N26:1, N4
_cTEXL
_2cc
999 _c1009123
_d1009123